Same Song Title - Radiohead - Statistics

General Stats
  • This quiz has been taken 27 times
  • The average score is 3 of 10
Answer Stats
Band Song % Correct
Radiohead & Stone Temple Pilots both have a song called: Creep
92%
Radiohead & Imagine Dragons both have a song called: Bones
36%
Radiohead & Lloyd, Lil Wayne both have a song called: You
36%
Radiohead & Matchbox Twenty both have a song called: All I Need
24%
Radiohead & Paramore both have a song called: Daydreaming
24%
Radiohead & Britney Spears both have a song called: Lucky
24%
Radiohead & Beck both have a song called: Thinking About You
20%
Radiohead & Def Leppard both have a song called: High and Dry / High 'N' Dry
16%
Radiohead & Emei both have a song called: Scatterbrain
16%
Radiohead & Goo Goo Dolls both have a song called: Bullet Proof ... I Wish I Was / Bullet Proof
8%
No matching quizzes found
Score Distribution
Percent of People with Each Score
Percentile by Number Answered
Your Score History
You have not taken this quiz